Náklady podniku, možnosti optimalizácie s dopadom na efektívnosť podniku bakalárska práca

Na minha lista:
Detalhes bibliográficos
Autor principal: Nevoralová, Patrícia
Autor Corporativo: Fakulta podnikového manažmentu EU. Katedra podnikovohospodárska
Outros Autores: Kufelová, Iveta, 1970-
Formato: Livro
Idioma:eslovaco
Publicado em: Bratislava 2017
Tags: Adicionar Tag
Sem tags, seja o primeiro a adicionar uma tag!

MARC

LEADER 00000nbm a2200000 4500
001 0232426
005 20171024102645.0
041 0 |a slo 
044 |a SK 
245 1 0 |a Náklady podniku, možnosti optimalizácie s dopadom na efektívnosť podniku  |b bakalárska práca  |c Patrícia Nevoralová ; školiteľ: Iveta Kufelová 
264 1 |a Bratislava  |c 2017 
300 |a 49 s. 
100 1 |a Nevoralová, Patrícia 
700 1 |a Kufelová, Iveta, 1970- 
710 2 |a Fakulta podnikového manažmentu EU. Katedra podnikovohospodárska